000 00544nam a2200193Ia 4500
005 20250508160732.0
008 008 250505s9999 xx 000 0 eng d
020 _a0-7062-3306-9
037 _aTextual
040 _aFEDL
_beng
_cFEDL
041 _aeng
_2eng
084 _a510, DRE
_qFEDL
100 _aDrew C E
_9769229
245 0 _aModern mathematics in the junior school
260 _aLondon, UK
_bWard, Lock Educational Company Limited
_c1970
300 _a104p.
942 _cTEXL
_h510, DRE
999 _c1366315
_d1366315